000 00427pab a2200169 454500
008 180718b2012 xxu||||| |||| 00| 0 eng d
100 _aPowar, K.B.
245 _aInternationalization of higher education: The Indian scenario
260 _c2012
300 _ap.1-6.
362 _a18 June
650 _aHigher education - India
650 _aHigher education
773 _aUniversity News
908 _aN
909 _a96800
999 _c96800
_d96800